KATSEYE - Paroles M.I.A - Statistiques

Statistiques générales
  • Ce quiz a été pris 110 fois
    109 depuis la dernière actualisation
  • Le résultat moyen est 162 sur 268
Statistiques - réponses
Hint Réponse % Correct
Post-refrain MI
100%
a
98%
(Ah
98%
ah
98%
ah),
98%
Pré-refrain Ah,
98%
ah,
98%
I
98%
go
91%
go,
91%
go?"
91%
go)
91%
MIA
90%
MIA)
90%
I'm
79%
Intro | Refrain I'll
74%
(I'll
74%
you
74%
You
74%
(You)
74%
No,
71%
don't
69%
Don't
69%
'cause
62%
get
62%
in
62%
minute
60%
so
60%
any
59%
me
57%
now
57%
your
57%
bitch
55%
comfortable
55%
on
55%
and
53%
Solo
53%
like
52%
see
52%
The
52%
the
52%
be
50%
this
50%
night
48%
when
48%
Won't
48%
won't
48%
eyes
47%
know
47%
last
47%
twice
47%
put
45%
want
45%
what
45%
Nobody
43%
but
41%
close
41%
I'ma
41%
I'ma,
41%
Soho
41%
"Where
41%
my
40%
dash
36%
give
36%
leash
36%
more,
36%
she
36%
that
34%
wore
34%
back
33%
Got
33%
it
33%
knows
33%
you're
33%
car
31%
dip
29%
girls
29%
mirrors,
29%
Say,
29%
with
29%
missing
28%
ring
28%
yeah
28%
Boy,
26%
finger,
26%
around
24%
attached
24%
feeling
24%
hit
22%
Couplet 1 Smoke
22%
clearer
21%
swore
21%
Couplet 2 Too
21%
making
19%
out
19%
sad,
19%
bad,
17%
halfway
17%
country,
14%
(Move)
14%
Aucun quiz correspondant
Distribution des résultats
% des personnes avec chaque résultat
Percentile par nombre de réponses
Votre historique - résultats
Vous n’avez pas pris ce quiz depuis la dernière actualisation